000 00788nam a2200169Ia 4500
003 SGT
020 _a9780070857889
082 _a621.381
_bTAU
100 _aTaub,Herbert
245 _aDigital integrated electronics
260 _bTata McGraw Hill Education Private Limited
_aNew Delhi
_c1977
300 _a650p.
650 _aELECTRONICS ENGINEERING
653 _aELECTRONICS DEVICE, OPERATIONAL AMPLIFIERS AND COMMEMORATORS, LOGIC CIRCUITS, RESISTOR TRANSISTOR LOGIC AND INTEGRATED INJECTION LOGIC, DIODE TRANSISTOR LOGIC, TRANSISTOR TRANSISTOR LOGIC, EMITTER COUPLED LOGIC, MOS GATES, FLIP FLOP, REGISTERS AND COUNTERS, ARITHMETIC OPERATIONS, SEMICONDUCTOR MEMORIES, ANALOG SWITCHES, ANALOG TO DIGITAL CONVERSION, TIMING CIRCUITS
700 _aSchilling,Donals
942 _2ddc
_cBK
_012
999 _c5180
_d5180